000
00415nam a2200145Ia 4500
008
100204s9999 xx 000 0 und d
082
_b
12061
100
_a
शेट््ये चंद्र्रहास
245
_a
अजेय
260
_b
"मनोरमा प्रकाशन , मुंबई"
_c
1989
300
_a
528
630
_a
अजेय
730
_a
अजेय
942
_c
BOOK
999
_c
456495
_d
456492